Statistics for Top Premier league goalscorer’s - Liverpool

Click here to take the quiz!

General Stats

  • This quiz has been taken 65 times
  • The average score is 8 of 10

Answer Stats

GoalsCluePlayer% Correct
114The greatest player in the premier league and probably the world at the moment, he is literally magic.Mohamed Salah
98%
120Liverpool’s greatest ever captain, lead them to Liverpool’s 5th champions league but NEVER won the premier league and is now a great manager.Steven Gerrard
94%
85He holds the record for the quickest hat-trick in Premier league history, has declined in recent years but is still a key part of Liverpool’s AttackSadio Mané
90%
70He had a few great seasons but after not playing well for a while was dropped and is now a bench warmer but has still managed to get a hat-trick in the 2021-22 seasonRoberto Firmino
88%
69On his day this man could score some serious goals, although is more known for an incident including Giorgio Chiellini.Luis Suarez
78%
65He made a very exciting January transfer back in the day but completely flopped and never rose to the heights that he reached at Liverpool after he left.Fernando Torres
76%
118One of Liverpool’s greats, one of only 2 people on this list who Is in icon in FIFA 22. Also this player is from LiverpoolMichael Owen
73%
128Had 3 different spells at Liverpool and during his first season at Liverpool he didn’t make an appearanceRobbie Fowler
67%
51He was a big game specialist and scored a famous hat-trick vs Man.Utd and was nearly ‘killed’ by Peter CrouchDirk Kuyt
51%
50Maybe the greatest super sub of the modern age, now plays in Turkey but he definitely wrote his name in Liverpool history.Daniel Sturridge
45%

Score Distribution

Percentile by Number Answered

Percent of People with Each Score

Your Score History

You have not taken this quiz